| 000 | 00811nam a2200229 a 4500 | ||
|---|---|---|---|
| 001 | BRCA_2813 | ||
| 005 | 20190320204000.0 | ||
| 008 | 081208s1945----sz-a---###---#000-0#eng-u | ||
| 050 | 4 |
_aNE2349 _b.W37 1945 |
|
| 100 | 1 |
_aDaumier, Honoré _d1808-1879 _97891 |
|
| 245 | 1 | 0 |
_aHonoré Daumier _b240 lithographs _cselected and introduced by Wilhem Wartmann ; tr. by Harry C. Schnur. |
| 260 |
_aZurich _bManesse _c1945 |
||
| 300 |
_axli, 240 p. _bil. _c37 cm. |
||
| 500 | _aAl final de la obra en la página xxxl-xli existe una traducción de los títulos en forma de cada litografía numérica | ||
| 500 | _aAA106 | ||
| 650 | 1 | 4 |
_aLitógrafos franceses _97892 |
| 650 | 1 | 4 |
_aLitografías francesas _97893 |
| 700 | 1 |
_aWartmann, Wilhem _97894 |
|
| 700 | 1 |
_aSchnur, Harry C _etr _97895 |
|
| 902 | _aGFM | ||
| 942 |
_2lcc _cB |
||
| 999 |
_c2553 _d2553 |
||